[Event "Budapest FS04 GM"]
[Site "Budapest"]
[Date "2006.04.11"]
[Round "11"]
[White "Sendur, Adnan"]
[Black "Kristjansson, Stefan"]
[Result "0-1"]
[WhiteElo "2411"]
[BlackElo "2476"]
[PlyCount "60"]
[EventDate "2006.04.01"]
[EventType "tourn"]
[EventRounds "11"]
[EventCountry "HUN"]
[EventCategory "8"]
[SourceTitle "CBM 111 Extra"]
[Source "ChessBase"]
[SourceDate "2006.05.09"]
[SourceVersion "1"]
[SourceVersionDate "2006.05.09"]
[SourceQuality "1"]

1. d4 Nf6 2. Bg5 e6 3. e4 h6 4. Bxf6 Qxf6 5. c3 d6 6. Bd3 Qg5 7. Kf1 Nc6 8. h4 Qf6 9. Na3 Bd7 10. Nb5 Qd8 11. Qc2 e5 12. d5 Nb8 13. f3 Be7 14. h5 0-0 15. c4 Na6 16. a3 Nc5 17. Ne2 f5 18. Nbc3 f4 19. Rb1 Be8 20. b4 Nd7 21. Nc1 Nf6 22. Nb3 Nxh5 23. Ne2 Bh4 24. c5 g5 25. b5 g4 26. Rc1 gxf3 27. gxf3 Rf7 28. Rh3 Bd7 29. Rh2 Rg7 30. Na5 Qg5 0-1

[Event "Budapest FS03 GM"]
[Site "Budapest"]
[Date "2006.03.10"]
[Round "7"]
[White "Sendur, Adnan"]
[Black "Rojas Keim, Luis Alberto"]
[Result "1-0"]
[WhiteElo "2411"]
[BlackElo "2423"]
[PlyCount "90"]
[EventDate "2006.03.04"]
[EventType "tourn"]
[EventRounds "10"]
[EventCountry "HUN"]
[EventCategory "9"]
[SourceTitle "CBM 111 Extra"]
[Source "ChessBase"]
[SourceDate "2006.05.09"]
[SourceVersion "1"]
[SourceVersionDate "2006.05.09"]
[SourceQuality "1"]

1. e4 e6 2. d4 d5 3. Nc3 Bb4 4. e5 c5 5. a3 Bxc3+ 6. bxc3 Ne7 7. h4 Qa5 8. Bd2 cxd4 9. cxd4 Qa4 10. h5 h6 11. Rb1 Qxd4 12. Nf3 Qc5 13. Bb4 Qc7 14. Bd3 f6 15. exf6 gxf6 16. Nh4 Nbc6 17. Ng6 Nxg6 18. Bxg6+ Kd8 19. Bc3 Qe7 20. Qf3 d4 21. Be4 dxc3 22. Bxc6 Rb8 23. 0-0 Kc7 24. Qxc3 bxc6 25. Qa5+ Rb6 26. Qxa7+ Rb7 27. Rxb7+ Bxb7 28. Rb1 Rb8 29. a4 Kc8 30. Qe3 Ra8 31. Qxh6 Rxa4 32. Qg6 Kc7 33. Qg3+ Kc8 34. Qg8+ Kc7 35. h6 Ra8 36. h7 Qf8 37. Qg3+ e5 38. Qb3 Rb8 39. Qb6+ Kd7 40. Rd1+ Ke6 41. Qc7 Kf5 42. Qd7+ Kg5 43. Rb1 Kg6 44. Rb3 f5 45. Rg3+ Kf6 1-0

[Event "Budapest FS05 IM-A"]
[Site "Budapest"]
[Date "2001.05.09"]
[Round "5"]
[White "Sendur, Adnan"]
[Black "Nyback, Tomi"]
[Result "1-0"]
[WhiteElo "2303"]
[BlackElo "2330"]
[PlyCount "65"]
[EventDate "2001.05.??"]
[EventType "tourn"]
[EventRounds "9"]
[EventCountry "HUN"]
[EventCategory "3"]
[SourceTitle "CBM 082 Extra"]
[Source "ChessBase"]
[SourceDate "2001.07.03"]
[SourceVersion "1"]
[SourceVersionDate "2001.07.03"]
[SourceQuality "1"]

1. e4 c5 2. Nf3 Nc6 3. d4 cxd4 4. Nxd4 e5 5. Nb5 d6 6. c4 Be7 7. N1c3 a6 8. Na3 Be6 9. Nc2 Rc8 10. b3 Nf6 11. Bd3 0-0 12. Bb2 Nd7 13. 0-0 Nc5 14. Be2 f5 15. exf5 Bxf5 16. Bg4 Ne6 17. Bxf5 Rxf5 18. Qd5 Rf6 19. Ne4 Rg6 20. f4 exf4 21. Rxf4 Kh8 22. Rf5 b5 23. cxb5 Na7 24. Nb4 Nxb5 25. Kh1 Qb6 26. Qd2 Nbc7 27. Rc1 Qb7 28. Nc6 Ne8 29. Qd5 Nc5 30. Qf7 Nf6 31. Nxe7 Qxe4 32. Nxg6+ hxg6 33. Rxf6 1-0

[Event "Budapest FS04 IM-A"]
[Site "Budapest"]
[Date "2001.04.08"]
[Round "2"]
[White "Zimmerman, Yuri"]
[Black "Sendur, Adnan"]
[Result "1-0"]
[WhiteElo "2362"]
[BlackElo "2303"]
[PlyCount "151"]
[EventDate "2001.04.07"]
[EventType "tourn"]
[EventRounds "12"]
[EventCountry "HUN"]
[EventCategory "2"]
[SourceTitle "CBM 081 Extra"]
[Source "ChessBase"]
[SourceDate "2001.05.06"]
[SourceVersion "1"]
[SourceVersionDate "2001.05.06"]
[SourceQuality "1"]

1. d4 Nf6 2. c4 e6 3. Nf3 b6 4. a3 Ba6 5. Qb3 c5 6. d5 exd5 7. cxd5 d6 8. Nc3 Nbd7 9. e4 Bxf1 10. Kxf1 Be7 11. g3 0-0 12. Kg2 a6 13. a4 Ne8 14. Nd2 Rb8 15. Nc4 Qc7 16. Bf4 Bf6 17. Rhd1 Bd4 18. Ne2 Bf6 19. Nc3 Bd4 20. Ne2 Bf6 21. Ng1 b5 22. axb5 axb5 23. Na5 g5 24. Bd2 Ne5 25. Bc3 Rb6 26. Bxe5 Bxe5 27. Nf3 Bf6 28. Nc6 g4 29. Nh4 Ng7 30. Ra7 Rb7 31. Rda1 Re8 32. Qc2 c4 33. Rxb7 Qxb7 34. Ra7 Qb6 35. h3 gxh3+ 36. Kxh3 b4 37. Kg2 c3 38. b3 Qc5 39. Ra4 Bxh4 40. gxh4 f5 41. Rxb4 fxe4 42. Rc4 Qxd5 43. Qxc3 e3+ 44. f3 e2 45. Rg4 e1N+ 46. Kg3 Qf7 47. Kf2 h5 48. Rg1 Nxf3 49. Qxf3 Qe6 50. Nd4 Qe5 51. Nf5 Qb2+ 52. Kg3 Nxf5+ 53. Qxf5 Qe5+ 54. Kf3+ Kh8 55. Qxe5+ Rxe5 56. Rg5 Re1 57. b4 Rb1 58. Rxh5+ Kg7 59. Rb5 Kf6 60. h5 Rh1 61. Ke4 Ke6 62. Kd4 Rh3 63. Rg5 Rh4+ 64. Kc3 Kd7 65. b5 Kc7 66. Kd3 Kd7 67. Ke3 Ke6 68. Kd3 Kd7 69. b6 Kc6 70. Rb5 Kxb5 71. b7 Rh3+ 72. Ke2 Rh2+ 73. Kf3 Rxh5 74. b8Q+ Kc5 75. Qc7+ Kd5 76. Qa5+ 1-0

[Event "Budapest FS03 IM-A"]
[Site "Budapest"]
[Date "2001.03.10"]
[Round "7"]
[White "Sendur, Adnan"]
[Black "Jamrich, Gyorgy"]
[Result "1-0"]
[WhiteElo "2303"]
[BlackElo "2283"]
[PlyCount "83"]
[EventDate "2001.03.03"]
[EventType "tourn"]
[EventRounds "11"]
[EventCountry "HUN"]
[EventCategory "3"]
[SourceTitle "CBM 081 Extra"]
[Source "ChessBase"]
[SourceDate "2001.05.06"]
[SourceVersion "1"]
[SourceVersionDate "2001.05.06"]
[SourceQuality "1"]

1. e4 e6 2. d4 d5 3. Nc3 Bb4 4. e5 b6 5. Qg4 Bf8 6. Bb5+ c6 7. Bd3 Ba6 8. Bxa6 Nxa6 9. Bg5 Qd7 10. Nf3 h6 11. Bd2 Ne7 12. 0-0-0 Nf5 13. Ne2 Be7 14. Qh3 Qd8 15. g4 Nh4 16. Nxh4 Bxh4 17. f4 Be7 18. f5 Nc7 19. Nf4 Qd7 20. Nh5 Bf8 21. Rhf1 0-0-0 22. Qd3 Re8 23. Rf3 exf5 24. gxf5 Rg8 25. Rg1 Qd8 26. Rg4 c5 27. c3 Kb7 28. Kb1 a5 29. Rfg3 Rh8 30. a3 cxd4 31. cxd4 Qd7 32. Nxg7 Rc8 33. Nh5 Be7 34. Rg7 Qe8 35. Rg1 Bf8 36. Nf6 Qe7 37. R7g3 Qd8 38. Qb3 Ka6 39. Rc3 Be7 40. Rc6 Rb8 41. Rgc1 Rb7 42. Qc3 1-0

[Event "Budapest FS03 IM-A"]
[Site "Budapest"]
[Date "2001.03.06"]
[Round "3"]
[White "Sendur, Adnan"]
[Black "Dembo, Yelena"]
[Result "1/2-1/2"]
[WhiteElo "2303"]
[BlackElo "2342"]
[PlyCount "113"]
[EventDate "2001.03.03"]
[EventType "tourn"]
[EventRounds "11"]
[EventCountry "HUN"]
[EventCategory "3"]
[SourceTitle "CBM 081 Extra"]
[Source "ChessBase"]
[SourceDate "2001.05.06"]
[SourceVersion "1"]
[SourceVersionDate "2001.05.06"]
[SourceQuality "1"]

1. e4 c5 2. Nf3 Nc6 3. Bb5 g6 4. Bxc6 dxc6 5. h3 Bg7 6. d3 e5 7. Be3 Qe7 8. 0-0 Nf6 9. a4 0-0 10. a5 Nh5 11. Qd2 Nf4 12. Re1 Ne6 13. Ra4 Rd8 14. Nh2 Bd7 15. Na3 b5 16. axb6 axb6 17. Rxa8 Rxa8 18. c3 b5 19. Nf3 Qd6 20. Rd1 Rd8 21. Nc2 Qc7 22. b4 cxb4 23. cxb4 f5 24. exf5 gxf5 25. Bh6 Bf6 26. Qc3 Re8 27. Re1 Nd8 28. Bc1 Nf7 29. Bb2 Qd6 30. Ne3 Bh8 31. Qb3 Be6 32. Qa3 Rd8 33. Rc1 f4 34. Nf1 Bd5 35. N1d2 Qg6 36. Ne4 Bxe4 37. dxe4 Qxe4 38. Qa5 Qd5 39. Qc7 e4 40. Bxh8 Kxh8 41. Nd4 Qxd4 42. Qxf7 Qd6 43. Ra1 Rf8 44. Qh5 Qe7 45. Re1 Qe6 46. Qf3 exf3 47. Rxe6 Rg8 48. g4 fxg3 49. Rxc6 gxf2+ 50. Kxf2 Rg2+ 51. Kxf3 Rb2 52. Kg4 Rxb4+ 53. Kg5 Rc4 54. Rb6 b4 55. Kf6 Rf4+ 56. Kg5 Rd4 57. Kf6 1/2-1/2

[Event "Budapest FS02 IM-A"]
[Site "Budapest"]
[Date "2001.02.14"]
[Round "11"]
[White "Sendur, Adnan"]
[Black "Xu, Hanbing"]
[Result "1-0"]
[WhiteElo "2303"]
[BlackElo "2218"]
[PlyCount "107"]
[EventDate "2001.02.03"]
[EventType "tourn"]
[EventRounds "12"]
[EventCountry "HUN"]
[EventCategory "3"]
[SourceTitle "CBM 080 Extra"]
[Source "ChessBase"]
[SourceDate "2001.03.08"]
[SourceVersion "1"]
[SourceVersionDate "2001.03.08"]
[SourceQuality "1"]

1. e4 e5 2. Nf3 Nc6 3. d4 exd4 4. Nxd4 Qh4 5. Nf3 Qxe4+ 6. Be2 Qe7 7. Nc3 Nf6 8. Bg5 h6 9. Nd5 Qd6 10. Nxf6+ gxf6 11. Qxd6 Bxd6 12. Bxf6 Rg8 13. 0-0 Be7 14. Bxe7 Kxe7 15. Rfe1 Kf8 16. Bb5 d6 17. Re3 Bd7 18. g3 Rg4 19. c3 Re8 20. Rxe8+ Kxe8 21. Re1+ Kd8 22. Nh4 Ne7 23. Bxd7 Kxd7 24. f4 d5 25. Re5 c6 26. Rh5 Ng8 27. Kg2 Ke6 28. Kf3 Rg7 29. Re5+ Kd7 30. Rh5 Ke6 31. Nf5 Rg6 32. g4 Kd7 33. h4 Rxg4 34. Kxg4 Nf6+ 35. Kf3 Nxh5 36. Nxh6 Ke6 37. f5+ Kf6 38. Kg4 Ng7 39. h5 Ne8 40. Kf4 Nd6 41. Ng4+ Kg7 42. h6+ Kh7 43. Ke5 Ne4 44. c4 Ng3 45. cxd5 cxd5 46. f6 Ne2 47. Kxd5 Nc1 48. Kd6 Nxa2 49. Ke7 Nb4 50. Kxf7 Nd5 51. Ke6 Nf4+ 52. Kd7 Kg6 53. Ke8 a5 54. f7 1-0

[Event "Budapest FS02 IM-A"]
[Site "Budapest"]
[Date "2001.02.13"]
[Round "10"]
[White "Tian, Tian"]
[Black "Sendur, Adnan"]
[Result "1/2-1/2"]
[WhiteElo "2224"]
[BlackElo "2303"]
[PlyCount "92"]
[EventDate "2001.02.03"]
[EventType "tourn"]
[EventRounds "12"]
[EventCountry "HUN"]
[EventCategory "3"]
[SourceTitle "CBM 080 Extra"]
[Source "ChessBase"]
[SourceDate "2001.03.08"]
[SourceVersion "1"]
[SourceVersionDate "2001.03.08"]
[SourceQuality "1"]

1. e4 e5 2. Nf3 Nf6 3. Nc3 Nc6 4. Bb5 Nd4 5. Ba4 c6 6. 0-0 d6 7. h3 b5 8. Bb3 a5 9. a3 Nxb3 10. cxb3 b4 11. axb4 Ba6 12. d3 axb4 13. Ne2 c5 14. Ng3 g6 15. Bg5 Bg7 16. Qd2 Bb5 17. Nh2 h6 18. Be3 Rxa1 19. Rxa1 h5 20. f4 h4 21. Ne2 exf4 22. Bxf4 Nh5 23. Be3 0-0 24. Ng4 Qd7 25. Nf4 Nxf4 26. Bxf4 Qe6 27. Bh6 Bd4+ 28. Kh1 Re8 29. Bg5 Bg7 30. Rf1 f5 31. exf5 gxf5 32. Nh6+ Kh7 33. Nxf5 Rf8 34. Qf2 Bxd3 35. Qxh4+ Kg8 36. Ne7+ Qxe7 37. Bxe7 Rxf1+ 38. Kh2 Be5+ 39. g3 Rf2+ 40. Kh1 Bd4 41. Bxd6 Rf1+ 42. Kh2 Rf2+ 43. Kh1 Re2 44. Qg4+ Kh7 45. Qh5+ Kg7 46. Qg4+ Kh7 1/2-1/2

[Event "Budapest FS02 IM-A"]
[Site "Budapest"]
[Date "2001.02.06"]
[Round "3"]
[White "Erdelyi, Zombor"]
[Black "Sendur, Adnan"]
[Result "1/2-1/2"]
[WhiteElo "2244"]
[BlackElo "2303"]
[PlyCount "101"]
[EventDate "2001.02.03"]
[EventType "tourn"]
[EventRounds "12"]
[EventCountry "HUN"]
[EventCategory "3"]
[SourceTitle "CBM 080 Extra"]
[Source "ChessBase"]
[SourceDate "2001.03.08"]
[SourceVersion "1"]
[SourceVersionDate "2001.03.08"]
[SourceQuality "1"]

1. e4 e5 2. Nf3 Nf6 3. Nxe5 d6 4. Nf3 Nxe4 5. d4 d5 6. Bd3 Nc6 7. 0-0 Be7 8. c4 Nb4 9. Be2 0-0 10. Nc3 b6 11. a3 Nxc3 12. bxc3 Nc6 13. cxd5 Qxd5 14. Bf4 Bb7 15. c4 Qd8 16. d5 Nb8 17. Nd4 Bd6 18. Qd2 Na6 19. Bd3 Qh4 20. Bxd6 cxd6 21. Nf5 Qf6 22. Qf4 Nc5 23. Bc2 Rad8 24. a4 Bc8 25. Qd4 Qxd4 26. Nxd4 Ba6 27. Nb5 Rfe8 28. Rfe1 Rxe1+ 29. Rxe1 Kf8 30. Kf1 g6 31. Re3 Nb7 32. Bd3 Bxb5 33. axb5 Ra8 34. Re1 a5 35. bxa6 Nc5 36. Bc2 Rxa6 37. Rb1 Ra2 38. Bb3 Rd2 39. Ke1 Rd4 40. Ba2 Na4 41. Rc1 f5 42. f3 Ke7 43. Rc2 Rd3 44. Ke2 Ra3 45. Kd2 f4 46. Bb1 Kf6 47. Ra2 Nc3 48. Rb2 Na4 49. Ra2 Nc3 50. Rb2 Na4 51. Ra2 1/2-1/2

[Event "Budapest FS02 IM-A"]
[Site "Budapest"]
[Date "2001.02.05"]
[Round "2"]
[White "Sendur, Adnan"]
[Black "Petran, Pal"]
[Result "1/2-1/2"]
[WhiteElo "2303"]
[BlackElo "2392"]
[PlyCount "69"]
[EventDate "2001.02.03"]
[EventType "tourn"]
[EventRounds "12"]
[EventCountry "HUN"]
[EventCategory "3"]
[SourceTitle "CBM 080 Extra"]
[Source "ChessBase"]
[SourceDate "2001.03.08"]
[SourceVersion "1"]
[SourceVersionDate "2001.03.08"]
[SourceQuality "1"]

1. e4 e5 2. Nf3 Nc6 3. d4 exd4 4. Nxd4 Nf6 5. Nxc6 bxc6 6. e5 Qe7 7. Qe2 Nd5 8. c4 Nb6 9. Nc3 Qe6 10. Qe4 Bb4 11. Bd2 Rb8 12. b3 d5 13. exd6 cxd6 14. Bd3 0-0 15. 0-0 Qxe4 16. Nxe4 Bxd2 17. Nxd2 d5 18. cxd5 Nxd5 19. Rfc1 Be6 20. Bf1 Ne7 21. Ne4 Bd5 22. Nc5 Rfe8 23. Na6 Rbc8 24. Rc5 Red8 25. Rac1 Be6 26. Ra5 Rd2 27. Nc5 Rc7 28. Re1 Bd5 29. h3 g6 30. Nd3 Kg7 31. g3 Ng8 32. Bg2 Nf6 33. Ra6 Rb7 34. Nc5 Rc7 35. Re3 1/2-1/2

[Event "Yerevan zt 1.5"]
[Site "Yerevan"]
[Date "2000.06.13"]
[Round "7"]
[White "Sturua, Zurab"]
[Black "Sendur, Adnan"]
[Result "1-0"]
[WhiteElo "2595"]
[BlackElo "2335"]
[PlyCount "71"]
[EventDate "2000.06.07"]
[EventType "swiss"]
[EventRounds "9"]
[EventCountry "ARM"]
[SourceTitle "CBM 078"]
[Source "ChessBase"]
[SourceDate "2000.10.18"]
[SourceVersion "1"]
[SourceVersionDate "2000.10.18"]
[SourceQuality "1"]

1. Nf3 d5 2. d4 Nf6 3. c4 dxc4 4. e3 e6 5. Bxc4 a6 6. 0-0 c5 7. Bd3 Nc6 8. Nc3 cxd4 9. exd4 Nb4 10. Bb1 b6 11. a3 Nbd5 12. Ne5 Nxc3 13. bxc3 Bb7 14. c4 b5 15. d5 exd5 16. cxb5 Bd6 17. Ng4 0-0 18. Bb2 Nxg4 19. Qxg4 g6 20. Ba2 axb5 21. Qd4 f6 22. Bxd5+ Bxd5 23. Qxd5+ Kh8 24. Rfd1 Be5 25. Bxe5 fxe5 26. Qxb5 Qf6 27. Qe2 Ra4 28. h3 Rf7 29. Qe3 Kg7 30. Rd5 e4 31. Rad1 Qf4 32. Qc5 e3 33. fxe3 Qf2+ 34. Kh1 Rg4 35. R5d2 Qh4 36. Rd7 1-0

[Event "Yerevan zt 1.5"]
[Site "Yerevan"]
[Date "2000.06.09"]
[Round "3"]
[White "Khachiyan, Melikset"]
[Black "Sendur, Adnan"]
[Result "1-0"]
[WhiteElo "2462"]
[BlackElo "2335"]
[PlyCount "93"]
[EventDate "2000.06.07"]
[EventType "swiss"]
[EventRounds "9"]
[EventCountry "ARM"]
[SourceTitle "CBM 078"]
[Source "ChessBase"]
[SourceDate "2000.10.18"]
[SourceVersion "1"]
[SourceVersionDate "2000.10.18"]
[SourceQuality "1"]

1. Nf3 Nf6 2. g3 c5 3. Bg2 Nc6 4. 0-0 d5 5. d4 cxd4 6. Nxd4 Bd7 7. c4 dxc4 8. Nxc6 Bxc6 9. Bxc6+ bxc6 10. Qa4 Qb6 11. Na3 e6 12. Be3 Qb7 13. Nxc4 Nd5 14. Bd4 f6 15. e4 Nb6 16. Nxb6 axb6 17. Qb3 Kf7 18. Qxb6 Qxb6 19. Bxb6 Rb8 20. Bd4 Rb4 21. Rfd1 e5 22. Bc3 Rb8 23. Rd7+ Be7 24. Rad1 Ke6 25. f4 exf4 26. gxf4 g6 27. f5+ gxf5 28. exf5+ Kf7 29. Re1 Rhg8+ 30. Kf2 Rge8 31. Kf3 Rb5 32. Kf4 Rd5 33. Rb7 Kf8 34. Re6 Rd1 35. a4 Rf1+ 36. Ke4 Bd6 37. Rxe8+ Kxe8 38. a5 Bxh2 39. a6 Rf4+ 40. Kd3 Bg1 41. a7 Bxa7 42. Rxa7 h5 43. Bxf6 Rxf5 44. Bd4 Rd5 45. Kc4 Rf5 46. Rc7 h4 47. Rh7 1-0